000 00700nam a22002177a 4500
003 OSt
005 20260625115431.0
008 260625b |||||||| |||| 00| 0 eng d
020 _a9781929024414
040 _cChuka University Library
050 _aLB 1590.3
_b.C67 2002
100 _aCosta Arthur L.
_931134
245 _aCognitive A Foundation for coaching Renaissance Schools
250 _a2nd ed.
260 _aNorwood
_bChristopher-Gordon Publishers,Inc
_c2002
300 _axxiii 412 pages
_billustrated includes indexes
650 _aThought and Thinking-Study and Teaching
_920519
650 _aCognition in Children
_911450
700 _aGarmston Robert J.
_929013
942 _2lcc
_cBK
_n0
999 _c25187
_d25187